000 00960nas a2200313 4500
001 BR2014003720
003 BR-BrBNA
005 20231205124129.0
007 ta
008 230509b bl.|||p| |||| 00| 00por d
040 _aBR-BrBNA
_bpor
_cBiblioteca Nacional de Agricultura
041 _a(En)
072 _aF30; H20
100 1 _aSantos, F.F.J.
100 1 _aLopes, U.V.
100 1 _aPires, J.L.
100 1 _aMelo, G.R.P.
100 1 _aGramacho, K.P.
100 1 _aClement, D.
245 1 _aQTLs detection under natural infection of Moniliophtora perniciosa in a cacao F2 progeny with scavina-6 descendants
650 _aCACAU
650 _aVASSOURA-DE-BRUXA
650 _aINFECÇÃO
650 _aVARIEDADE RESISTENTE
773 0 _tAgrotropica (Brazil)
_xISSN 0103-3816
_g(Jan-Apr 2014), v. 26(1) p. 65-72
_wBR2014003720
856 4 0 _dLink DSPACE/MAPA BR2014003720
909 _a202311
_bLúcia
_c55
_dLúcia Elande
942 _2AGRIS
_n0
_cANA
999 _c237451
_d237451